000 00970nam a22003017a 4500
003 CHAP
005 20220329135500.0
008 971013s1977 ag a r 00010 spa d
010 _a37309
011 _a38281
035 _a42401
040 _cCHAP
090 _aFolleto 4582
100 0 0 _aOstrowski, Jorge E. B.
_984279
245 1 _aBiología y patología de la reproducción de los bovinos
260 _aBuenos Aires :
_bAteneo,
_c1977
300 _a114 p.
_b: ilus.
590 _aBATCH-UPD
_b10
_c20130110
_lUCH01
_h1726
590 _aBATCH-UPD
_b10
_c20130410
_lUCH01
_h1108
590 _aBATCH-UPD
_b10
_c20130914
_lUCH01
_h1528
590 _aCONVERSION
_b10
_c20130109
_lUCH01
_h1321
650 1 4 _aGanado vacuno
_xReproducción.
_945510
901 _aBK
942 _cFOLL
949 _aFolleto 4582
_bBC
_cFOLL
_d-97590
_eTS1
_i42401
_si
949 _aFolleto 4582
_bBC
_cFOLL
_d-97591
_eTS2
_fc.2
_i42401
_si
949 _aFolleto 4582
_bBC
_cFOLL
_d-97592
_eTS2
_fc.3
_i42401
_si
999 _c37309
_d37309